00540nam a2200181 450000500170000001000150001702000260003203500140005803700090007208200120008110000220009324500580011525000100017326000480018327000800023130000230031170000240033420241023121746.0 aENG-142335 c495.00a9788196041304 aEN-125867 bDBAD a796.342 aMukherjea, Jaidip aCrosscourt/bJaidip Mukherjea and Papri Sen Sri Raman aFirst bVitasta Publishing Pvt Ltdc2023aNew Delhi a2/15, Ansari Road, DaryaganjbNew Delhie110002minfo@vitastapublishing.com aXV,195p.c23cm(hb) aPapri Sen Sri Raman